BIBLIOTECA

SENCICO

Manual del instalador de motores eléctricos (Registro nro. 3280)

Detalles MARC
000 -LEADER
fixed length control field 00624nam a2200205Ia 4500
005 - DATE AND TIME OF LATEST TRANSACTION
control field 20251020182609.0
008 - FIXED-LENGTH DATA ELEMENTS--GENERAL INFORMATION
fixed length control field 200515s9999 xx 000 0 und d
082 ## - DEWEY DECIMAL CLASSIFICATION NUMBER
Classification number SC/621.313.13/P26
100 ## - MAIN ENTRY--PERSONAL NAME
Personal name PARES PERAIRE, José María
245 #0 - TITLE STATEMENT
Title Manual del instalador de motores eléctricos
250 ## - EDITION STATEMENT
Edition statement 3a ed.
260 ## - PUBLICATION, DISTRIBUTION, ETC.
Place of publication, distribution, etc. Barcelona
260 ## - PUBLICATION, DISTRIBUTION, ETC.
Date of publication, distribution, etc. 1974
300 ## - PHYSICAL DESCRIPTION
Extent 222
520 ## - SUMMARY, ETC.
Summary, etc. Facilita el estudio y ampliar conocimientos sobre la instalación de motores de corriente continúa y de corriente alterna
650 ## - SUBJECT ADDED ENTRY--TOPICAL TERM
Topical term or geographic name entry element INSTALACIONES ELECTRICAS
650 ## - SUBJECT ADDED ENTRY--TOPICAL TERM
Topical term or geographic name entry element MANUALES
650 ## - SUBJECT ADDED ENTRY--TOPICAL TERM
Topical term or geographic name entry element MOTORES ELECTRICOS
942 ## - ADDED ENTRY ELEMENTS (KOHA)
Koha item type Libros
Existencias
Fecha de la última vez que lo usaron Pago total Signatura topográfica completa Código de barras Precio efectivo desde Tipo de documento Estado perdido Estado dañado No es para préstamo Retirado Ubicación permanente Ubicación actual Fecha de adquisición
15/05/2020   SC/621.313.13/P26 Bib-Lima15053280 15/05/2020 Libros         Biblioteca Central Lima Biblioteca Central Lima 15/05/2020